[Event "Weiz op 16th"]
[Site "Weiz"]
[Date "2017.06.16"]
[Round "3.2"]
[White "Schlick, Horst"]
[Black "Bratko, Alexander"]
[Result "1/2-1/2"]
[WhiteElo "1634"]
[BlackElo "1694"]
[PlyCount "80"]
[EventDate "2017.06.15"]
[EventType "swiss"]
[EventRounds "5"]
[EventCountry "AUT"]
[SourceTitle "EXT 2024"]
[Source "ChessBase"]
[SourceDate "2023.10.10"]
[SourceVersion "1"]
[SourceVersionDate "2023.10.10"]
[SourceQuality "1"]

1. d4 e6 2. e4 d5 3. Nc3 Nc6 4. exd5 exd5 5. Nf3 Nf6 6. a3 Bd6 7. Be2 h6 8. h3 Ne7 9. Nb5 0-0 10. Nxd6 Qxd6 11. Be3 Nf5 12. Bd2 Re8 13. 0-0 Ne4 14. Bd3 Qb6 15. Bc3 Bd7 16. Bxe4 Rxe4 17. Re1 Rae8 18. Rxe4 dxe4 19. Ne5 Bc8 20. Qd2 c5 21. dxc5 Qxc5 22. Ng4 Qd6 23. Qxd6 Nxd6 24. Rd1 Nb5 25. Ne3 Nxc3 26. bxc3 g6 27. g4 Kg7 28. Rd4 f5 29. Kg2 Kf7 30. Kg3 Ke6 31. Nc4 Ke7 32. Nd6 Rd8 33. Nxc8+ Rxc8 34. c4 Rc5 35. gxf5 gxf5 36. Kf4 Ke6 37. h4 Ra5 38. Rd5 Rxa3 39. Re5+ Kd6 40. Rd5+ Ke6 1/2-1/2

[Event "Leitersdorf Region-ch"]
[Site "Leitersdorf"]
[Date "2017.01.08"]
[Round "5.7"]
[White "Schlick, Horst"]
[Black "Horvath, Reka"]
[Result "0-1"]
[WhiteElo "1612"]
[BlackElo "2046"]
[PlyCount "116"]
[EventDate "2017.01.04"]
[EventType "swiss"]
[EventRounds "5"]
[EventCountry "AUT"]
[SourceTitle "EXT 2024"]
[Source "ChessBase"]
[SourceDate "2023.10.10"]
[SourceVersion "1"]
[SourceVersionDate "2023.10.10"]
[SourceQuality "1"]

1. d4 Nf6 2. Nf3 g6 3. Bf4 Bg7 4. e3 0-0 5. h3 d6 6. Be2 b6 7. 0-0 Bb7 8. Nbd2 c5 9. dxc5 bxc5 10. c3 Nbd7 11. Ne1 Rb8 12. Rb1 Qc7 13. Qc2 Qc6 14. Bf3 Qa6 15. a3 c4 16. Bxb7 Rxb7 17. Nef3 Nc5 18. b4 cxb3 19. Nxb3 Nxb3 20. Rxb3 Rxb3 21. Qxb3 Ne4 22. c4 Rc8 23. Rb1 e5 24. Bh2 Qxc4 25. Qxc4 Rxc4 26. g4 Rc2 27. Rb7 Nxf2 28. Ng5 Bh6 29. Bg3 Nxg4 30. Nxf7 Bxe3+ 31. Kf1 Nh2+ 32. Bxh2 Rxh2 33. Nxd6 Rf2+ 34. Ke1 Bd4 35. Rb3 Rb2 36. Rd3 Kf8 37. Kd1 Ke7 38. Nc4 Rh2 39. Rb3 Ke6 40. Nd2 Kd5 41. a4 a6 42. Nf3 Rxh3 43. Nxd4 Rh1+ 44. Kd2 Kxd4 45. Rb6 Rh2+ 46. Ke1 Ke3 47. Kf1 Ra2 48. Rxa6 g5 49. a5 h5 50. Rg6 Kf4 51. a6 h4 52. Rf6+ Ke4 53. Rb6 g4 54. Rb4+ Kf3 55. Rb3+ Kf4 56. Rb6 h3 57. Kg1 g3 58. Rf6+ Ke3 0-1

[Event "Leitersdorf Region-ch"]
[Site "Leitersdorf"]
[Date "2017.01.05"]
[Round "2.19"]
[White "Schlick, Horst"]
[Black "Saeckl, Guenther"]
[Result "1-0"]
[WhiteElo "1612"]
[BlackElo "1537"]
[PlyCount "29"]
[EventDate "2017.01.04"]
[EventType "swiss"]
[EventRounds "5"]
[EventCountry "AUT"]
[SourceTitle "EXT 2024"]
[Source "ChessBase"]
[SourceDate "2023.10.10"]
[SourceVersion "1"]
[SourceVersionDate "2023.10.10"]
[SourceQuality "1"]

1. e4 e5 2. Nf3 Nc6 3. Bc4 Nf6 4. Nc3 d6 5. h3 Nxe4 6. Bxf7+ Kxf7 7. Nxe4 d5 8. Neg5+ Kg8 9. h4 Bg4 10. d3 Be7 11. Qd2 h6 12. Nh3 Bxf3 13. gxf3 Bxh4 14. c3 Bg5 15. Qd1 1-0

[Event "Leitersdorf op"]
[Site "Leitersdorf"]
[Date "2016.01.03"]
[Round "2"]
[White "Schlick, Horst"]
[Black "Sailer, Werner"]
[Result "0-1"]
[WhiteElo "1602"]
[BlackElo "1816"]
[PlyCount "120"]
[EventDate "2016.01.02"]
[EventType "swiss"]
[EventRounds "5"]
[EventCountry "AUT"]
[SourceTitle "CBM 170 Extra"]
[Source "ChessBase"]
[SourceDate "2016.02.25"]
[SourceVersion "1"]
[SourceVersionDate "2016.02.25"]
[SourceQuality "1"]

1. d4 d5 2. Nf3 Nf6 3. Bg5 Nbd7 4. e3 e6 5. Bd3 Be7 6. 0-0 h6 7. Bh4 0-0 8. h3 c5 9. c3 Qb6 10. b3 Bd6 11. Bxf6 Nxf6 12. Nbd2 Bd7 13. Re1 Bc6 14. Rc1 Rac8 15. dxc5 Bxc5 16. Nd4 Bd7 17. N2f3 Bd6 18. Nh2 Bxh2+ 19. Kxh2 e5 20. Ne2 Qd6 21. Kh1 Bc6 22. Bb1 Qd7 23. Ng3 e4 24. Nh5 Qf5 25. Nxf6+ Qxf6 26. Kg1 Rfe8 27. Qd4 Qg5 28. c4 Rcd8 29. Kh2 Re6 30. Rg1 dxc4 31. Qxc4 Red6 32. a4 Rd2 33. Rcf1 Qf6 34. Kh1 Qe5 35. b4 a6 36. Qb3 Qh5 37. Kh2 Qe5+ 38. Kh1 Bd5 39. Qa3 Bc4 40. Rc1 b5 41. axb5 axb5 42. Qa5 Qe7 43. Rce1 Qh4 44. Qc7 Rxf2 45. Rd1 Re8 46. Rd4 Re2 47. Qc6 Rf8 48. Rxe4 Qf2 49. Re8 Rxe3 50. Bh7+ Kxh7 51. Rxf8 Qd2 52. Qc8 Be6 53. Qd8 Rxh3+ 54. gxh3 Bd5+ 55. Qxd5 Qxd5+ 56. Rg2 g6 57. Re8 Kg7 58. Ree2 Qd1+ 59. Kh2 Qd6+ 60. Kh1 Qxb4 0-1

[Event "Styrian op-B"]
[Site "Bad Gleichenberg"]
[Date "2014.07.05"]
[Round "1"]
[White "Schlick, Horst"]
[Black "Wu, Min"]
[Result "0-1"]
[WhiteElo "1711"]
[BlackElo "1891"]
[PlyCount "60"]
[EventDate "2014.07.05"]
[EventType "swiss"]
[EventRounds "9"]
[EventCountry "AUT"]
[SourceTitle "EXT 2016"]
[Source "ChessBase"]
[SourceDate "2015.10.08"]
[SourceVersion "1"]
[SourceVersionDate "2015.10.08"]
[SourceQuality "1"]

1. d4 d5 2. Nf3 Nf6 3. e3 Bf5 4. Bd3 Bg6 5. Ne5 e6 6. 0-0 Be7 7. a3 a5 8. c4 0-0 9. Nc3 c6 10. c5 Nbd7 11. Nxg6 hxg6 12. Na4 b6 13. b4 axb4 14. cxb6 Nxb6 15. Nxb6 Qxb6 16. a4 c5 17. dxc5 Bxc5 18. Bb2 Rfc8 19. Bb5 Ne4 20. Qd3 Nd6 21. Bd4 Bxd4 22. exd4 Rc3 23. Qe2 Qxd4 24. Rfd1 Qc5 25. Rdb1 Rc8 26. h3 Rc2 27. Qe3 Nxb5 28. Qxc5 R8xc5 29. axb5 Rxb5 30. Ra4 b3 0-1

[Event "Leitersdorf Region-ch"]
[Site "Leitersdorf"]
[Date "2014.01.05"]
[Round "4"]
[White "Schlick, Horst"]
[Black "Mendes, James"]
[Result "0-1"]
[WhiteElo "1651"]
[BlackElo "1646"]
[PlyCount "116"]
[EventDate "2014.01.02"]
[EventType "swiss"]
[EventRounds "5"]
[EventCountry "AUT"]
[SourceTitle "CBM 158 Extra"]
[Source "ChessBase"]
[SourceDate "2014.02.28"]
[SourceVersion "1"]
[SourceVersionDate "2014.02.28"]
[SourceQuality "1"]

1. d4 d5 2. Nf3 Nf6 3. g3 c5 4. dxc5 e6 5. b4 a5 6. c3 axb4 7. cxb4 Nc6 8. Bd2 b6 9. b5 Na7 10. cxb6 Qxb6 11. a4 Nxb5 12. a5 Qa7 13. Bg2 Bc5 14. 0-0 Ba6 15. Ne5 Nd4 16. Nd3 Bxd3 17. exd3 0-0 18. Bc3 Rab8 19. Nd2 Rfc8 20. Bxd4 Bxd4 21. Ra2 Nd7 22. Nf3 Bf6 23. d4 Rc4 24. Ra4 Rbb4 25. Rxb4 Rxb4 26. Qc2 Rc4 27. Qa2 Nb8 28. Rd1 Nc6 29. Bf1 Rb4 30. a6 g6 31. Rb1 Rxb1 32. Qxb1 Bxd4 33. Nxd4 Nxd4 34. Qb7 Qxb7 35. axb7 Nc6 36. Bb5 Nb8 37. Kg2 Kf8 38. Kf3 Ke7 39. Kf4 f6 40. Ke3 Kd6 41. h4 h6 42. f4 e5 43. fxe5+ fxe5 44. g4 g5 45. h5 Kc7 46. Be8 Kxb7 47. Bf7 Kc6 48. Bg6 Kc5 49. Bb1 Nd7 50. Bc2 Nf6 51. Kf3 e4+ 52. Kg3 d4 53. Bd1 Kc4 54. Kf2 Nd5 55. Ba4 Nc3 56. Be8 e3+ 57. Ke1 d3 58. Bf7+ Kb4 0-1

[Event "Graz-chB"]
[Site "Graz"]
[Date "2013.01.12"]
[Round "1"]
[White "Schlick, Horst"]
[Black "Hoellen, Daniel"]
[Result "1/2-1/2"]
[WhiteElo "1672"]
[BlackElo "1877"]
[PlyCount "114"]
[EventDate "2013.01.12"]
[EventType "swiss"]
[EventRounds "7"]
[EventCountry "AUT"]
[SourceTitle "EXT 2022"]
[Source "ChessBase"]
[SourceDate "2021.10.06"]
[SourceVersion "1"]
[SourceVersionDate "2021.10.06"]
[SourceQuality "1"]

1. Nf3 f5 2. d4 Nf6 3. Bg5 g6 4. Bxf6 exf6 5. e3 Bg7 6. Bc4 d5 7. Bd3 0-0 8. Nbd2 c6 9. 0-0 Qb6 10. b3 a5 11. c4 Na6 12. cxd5 cxd5 13. Bxa6 Qxa6 14. Rc1 Be6 15. Rc7 Rfc8 16. Qc1 Bf8 17. Rxc8 Rxc8 18. Qb1 Ba3 19. Rd1 Bd7 20. Qa1 Bb5 21. Nb1 Bd6 22. Nc3 Bc6 23. a4 Bb4 24. Rc1 Kf7 25. Nxd5 Bd6 26. Nf4 Qb6 27. d5 Bd7 28. Rxc8 Bxc8 29. Qc3 Bd7 30. Nd3 Ba3 31. Nd2 Bb4 32. Nxb4 axb4 33. Qc4 Ke7 34. Kf1 Kd6 35. e4 Qa6 36. Ke1 Qxc4 37. Nxc4+ Kc5 38. exf5 Bxf5 39. d6 b5 40. axb5 Kxb5 41. Kd2 Kc6 42. Ke3 Bc2 43. Nd2 Kxd6 44. Kd4 g5 45. Kc4 f5 46. Kxb4 h5 47. Kc3 Bd1 48. Nc4+ Ke6 49. b4 Ba4 50. Kd4 Bc6 51. g3 f4 52. Ne5 fxg3 53. fxg3 Ba8 54. Nd3 Bd5 55. Ke3 h4 56. gxh4 gxh4 57. Nf2 Ke5 1/2-1/2

[Event "Graz op-B 19th"]
[Site "Graz"]
[Date "2012.08.31"]
[Round "7"]
[White "Wiener, Alexander"]
[Black "Schlick, Horst"]
[Result "0-1"]
[WhiteElo "1691"]
[BlackElo "1691"]
[PlyCount "36"]
[EventDate "2012.08.25"]
[EventType "swiss"]
[EventRounds "9"]
[EventCountry "AUT"]
[SourceTitle "CBM 150 Extra"]
[Source "ChessBase"]
[SourceDate "2012.10.19"]
[SourceVersion "1"]
[SourceVersionDate "2012.10.19"]
[SourceQuality "1"]

1. e4 e5 2. Nf3 Nc6 3. Bb5 Nf6 4. 0-0 Nxe4 5. d4 Nd6 6. Bxc6 dxc6 7. Nxe5 Be6 8. Re1 Be7 9. c3 0-0 10. Nd2 Bf6 11. Ne4 Bxe5 12. Nc5 Bf6 13. Nxe6 fxe6 14. Rxe6 Qd7 15. Qb3 Kh8 16. Bf4 Rae8 17. d5 cxd5 18. Bxd6 Qxe6 0-1

[Event "Graz op-B 19th"]
[Site "Graz"]
[Date "2012.08.27"]
[Round "3"]
[White "Bauer, Dieter"]
[Black "Schlick, Horst"]
[Result "1-0"]
[WhiteElo "1812"]
[BlackElo "1691"]
[PlyCount "106"]
[EventDate "2012.08.25"]
[EventType "swiss"]
[EventRounds "9"]
[EventCountry "AUT"]
[SourceTitle "CBM 150 Extra"]
[Source "ChessBase"]
[SourceDate "2012.10.19"]
[SourceVersion "1"]
[SourceVersionDate "2012.10.19"]
[SourceQuality "1"]

1. d4 d5 2. Bg5 Bf5 3. e3 c6 4. c3 Nf6 5. Bxf6 gxf6 6. Nd2 h5 7. Qb3 Qc7 8. Rc1 b5 9. Qd1 a5 10. b3 Nd7 11. c4 bxc4 12. bxc4 e6 13. cxd5 exd5 14. Bb5 Nb8 15. Qa4 Bd7 16. Qc2 Bb4 17. Ne2 Qd6 18. Bd3 Qe7 19. Ng3 Qf8 20. Nf5 Qg8 21. Kf1 Bxd2 22. Qxd2 Qg5 23. Qc2 Rg8 24. Rg1 Bxf5 25. Bxf5 Kf8 26. Ke2 Kg7 27. g4 h4 28. Rb1 Kh6 29. f4 Qg7 30. g5+ fxg5 31. fxg5+ Qxg5 32. Rxg5 Rxg5 33. Bh3 Rg6 34. Qf5 Na6 35. Qxf7 Nb4 36. a3 Na2 37. Kd2 Rag8 38. Qf4+ Kh5 39. Qf3+ Kh6 40. Rb2 Rg1 41. Rxa2 R8g5 42. Rc2 Rg6 43. Qf4+ Kg7 44. Qc7+ Kh6 45. Rxc6 Rxc6 46. Qxc6+ Rg6 47. Qxd5 a4 48. Kd3 Rb6 49. Ke4 Rb3 50. Qc6+ Kg5 51. Qxa4 Rb2 52. Qa5+ Kh6 53. Qd8 Rb5 1-0

[Event "Graz op-B 18th"]
[Site "Graz"]
[Date "2011.09.02"]
[Round "7"]
[White "Schlick, Horst"]
[Black "Hapke, Ralf"]
[Result "1/2-1/2"]
[WhiteElo "1662"]
[BlackElo "1951"]
[PlyCount "78"]
[EventDate "2011.08.27"]
[EventType "swiss"]
[EventRounds "9"]
[EventCountry "AUT"]
[SourceTitle "EXT 2022"]
[Source "ChessBase"]
[SourceDate "2021.10.06"]
[SourceVersion "1"]
[SourceVersionDate "2021.10.06"]
[SourceQuality "1"]

1. d4 Nf6 2. Nf3 c5 3. dxc5 e6 4. g3 Bxc5 5. Bg2 Nc6 6. 0-0 h6 7. b3 d5 8. Bb2 0-0 9. a3 a5 10. e3 Qb6 11. Bxf6 gxf6 12. Nh4 Kh7 13. Nc3 Qc7 14. Qh5 Qe5 15. Qxe5 Nxe5 16. Rfd1 f5 17. Ne2 Ra7 18. Nf4 Be7 19. Nf3 Nxf3+ 20. Bxf3 b5 21. Be2 Rc7 22. Bxb5 Rxc2 23. a4 Bb7 24. Rac1 Rfc8 25. Rxc2 Rxc2 26. Rb1 Bf6 27. Kf1 d4 28. exd4 Bxd4 29. Ne2 Bf6 30. Bd3 Rd2 31. Bc4 Be4 32. Re1 Kg7 33. Rc1 Bb2 34. Re1 Ba3 35. Nc3 Bc6 36. Nb1 Ra2 37. Nxa3 Rxa3 38. Rc1 Bf3 39. Ke1 Ra2 1/2-1/2

[Event "Gleisdorf ch"]
[Site "Gleisdorf"]
[Date "1996.??.??"]
[Round "1"]
[White "Schlick, Horst"]
[Black "Grohschaedl, E."]
[Result "0-1"]
[WhiteElo "1615"]
[BlackElo "1875"]
[PlyCount "72"]
[EventDate "1996.??.??"]
[EventType "swiss"]
[EventRounds "7"]
[EventCountry "AUT"]
[SourceTitle "EXT 1999"]
[Source "ChessBase"]
[SourceDate "1998.11.16"]
[SourceVersion "1"]
[SourceVersionDate "1998.11.16"]
[SourceQuality "1"]

1. d4 Nf6 2. Nf3 c5 3. dxc5 e6 4. Nc3 Bxc5 5. e3 d5 6. a3 Nc6 7. b4 Bd6 8. Nb5 Be7 9. Bb2 a6 10. Nbd4 Qb6 11. Nxc6 Qxc6 12. Ne5 Qb6 13. Bd4 Qc7 14. Bd3 Bd6 15. f4 0-0 16. 0-0 a5 17. b5 Bc5 18. Rf3 Bxd4 19. exd4 Rd8 20. c3 Ne4 21. Bxe4 dxe4 22. Re3 f6 23. Ng4 Qxf4 24. Qe2 Qc7 25. Nf2 f5 26. Re1 e5 27. dxe5 Qxe5 28. a4 Be6 29. Qc2 Rac8 30. Rd1 Rxd1+ 31. Qxd1 g6 32. Qe2 Qd6 33. Qc2 Bd5 34. g3 Be6 35. c4 Rc7 36. Nd1 Rd7 0-1